Le tropique et le Nord : (Record no. 34401)

MARC details
000 -LEADER
campo de control de longitud fija 01095cam a2200325Mi 4500
001 - NÚMERO DE CONTROL
campo de control 72673
005 - FECHA Y HORA DE LA ÚLTIMA TRANSACCIÓN
campo de control 20230410105325.0
008 - DATOS DE LONGITUD FIJA--INFORMACIÓN GENERAL
campo de control de longitud fija 031107s2003 fr g 000 1 fre d
035 ## - NÚMERO DE CONTROL DEL SISTEMA
Número de control de sistema (OCoLC)ocn402347853
040 ## - FUENTE DE CATALOGACIÓN
Centro catalogador/agencia de origen FRBML
Lengua de catalogación fre
Centro/agencia transcriptor FRBML
Centro/agencia modificador OCLCQ
020 ## - NÚMERO INTERNACIONAL ESTÁNDAR DEL LIBRO
Número Internacional Estándar del Libro 2707139904 (Br)
020 ## - NÚMERO INTERNACIONAL ESTÁNDAR DEL LIBRO
Número Internacional Estándar del Libro 9782707139900 (Br)
029 1# - OTRO NÚMERO DE CONTROL DE SISTEMA (OCLC)
Identificador de la biblioteca OCLC ZWZ
Número de control de sistema 074216694
035 ## - NÚMERO DE CONTROL DEL SISTEMA
Número de control de sistema (OCoLC)402347853
050 14 - SIGNATURA TOPOGRÁFICA DE LA BIBLIOTECA DEL CONGRESO
Número de clasificación H 8
Número de ítem C697
100 1# - ENTRADA PRINCIPAL--NOMBRE DE PERSONA
Nombre de persona Serge, Victor,
Fechas asociadas al nombre 1890-1947.
245 13 - MENCIÓN DEL TÍTULO
Título Le tropique et le Nord :
Resto del título l'hópital de Léningrad et autres nouvelles /
Mención de responsabilidad, etc. Victor Serge.
260 ## - PUBLICACIÓN, DISTRIBUCIÓN, ETC.
Lugar de publicación, distribución, etc. Paris :
Nombre del editor, distribuidor, etc. La Découverte,
Fecha de publicación, distribución, etc. 2003.
300 ## - DESCRIPCIÓN FÍSICA
Extensión 158 p. ;
Dimensiones 19 cm.
490 1# - MENCIÓN DE SERIE
Mención de serie Collection Découverte poche ;
Designación de volumen o secuencia n . 150
774 08 - ENLACE A UNIDAD CONSTITUYENTE
Información de relación Piece-analytic:
Título Le séisme
774 08 - ENLACE A UNIDAD CONSTITUYENTE
Información de relación Piece-analytic:
Título L'hópital de Léningrad
774 08 - ENLACE A UNIDAD CONSTITUYENTE
Información de relación Piece-analytic:
Título Mer blanche
774 08 - ENLACE A UNIDAD CONSTITUYENTE
Información de relación Piece-analytic:
Título L'impasse Saint-Barnabé
830 #0 - PUNTO DE ACCESO ADICIONAL DE SERIE-TÍTULO UNIFORME
Título uniforme Collection Découverte Poche / Littérature et voyages ;
Designación de volumen o secuencia n . 150
886 2# - INFORMACIÓN DE CAMPO MARC FORÁNEO
2 unimarc
a 801
b 3
a FR
b Electre
c 20030523
g AFNOR
942 ## - ELEMENTOS DE ENTRADA SECUNDARIOS (KOHA)
Fuente del sistema de clasificación o colocación Clasificación de Library of Congress
Tipo de ítem Koha
946 ## - PROCESAMIENTO DE INFORMACIÓN LOCAL (OCLC)
a mjcruz
994 ## -
-- C0
-- DRFGD
Holdings
Estatus retirado Estado de pérdida Fuente del sistema de clasificación o colocación Estado de daño No para préstamo Colección Biblioteca de origen Biblioteca actual Ubicación en estantería Fecha de adquisición Serial enumeration / chronology Signatura topográfica completa Código de barras Visto por última vez Tipo de ítem Koha
    Clasificación de Library of Congress     Ciencias Sociales Biblioteca Juan Bosch Biblioteca Juan Bosch Ciencias Sociales (3er. Piso) 10/04/2023 1 H 8 C697 00000070027 24/10/2018